| 000 | 00607nam a2200265Ia 4500 | ||
|---|---|---|---|
| 008 | 210210b2016 xxu||||| |||| 00| 0 eng d | ||
| 041 | _aeng | ||
| 082 | _a954.035K SURV | ||
| 100 | _aSURESH RAI (Ke) | ||
| 245 | _aVasahatushahi bharata: kri sha 1856-1885 ra varege | ||
| 260 |
_aMangaluru _bUnited Publishers, _c2016 |
||
| 300 | _avi,200 | ||
| 650 | _aVasahatushahi | ||
| 650 | _avarege | ||
| 650 | _aV | ||
| 650 | _asha | ||
| 650 | _asem | ||
| 650 | _ara | ||
| 650 | _akri | ||
| 650 | _abharata: | ||
| 650 | _aBA | ||
| 650 | _a1856-1885 | ||
| 690 | _aIndian History | ||
| 906 | _a073514 | ||
| 999 |
_c123311 _d123311 |
||